Statistics for Words Of Two Halves

Click here to take the quiz!

General Stats

  • This quiz has been taken 1,374 times
  • The average score is 16 of 20

Answer Stats

HintWord% Correct
Cheerleader's puff ballPOM{POM}
99%
MiddayNO{ON}
97%
Sporting allyTEAM{MATE}
95%
GutsINTES{TINES}
94%
Gym exercisePUL{LUP}
94%
Emerge againREAP{PEAR}
93%
More scarletRED{DER}
93%
MumbleMUR{MUR}
92%
Top gunsHOTS{HOTS}
85%
Large fruitPAW{PAW}
85%
Disease-carrying flyTSE{TSE}
85%
Lived in a burrowDEN{NED}
80%
Large simulationMEGA{GAME}
75%
RecruitmentsSIGN{INGS}
74%
Literary word for swimmingNAT{ANT}
71%
Parkinson's symptomAMI{MIA}
68%
C20H26O7CNI{CIN}
65%
Cobbler for stallionsHORSE{SHOER}
63%
Two-lipped (phonics)BILA{BIAL}
53%
Intersecting polar curvesTRISEC{TRICES}
20%

Score Distribution

Percentile by Number Answered

Percent of People with Each Score

Your Score History

You have not taken this quiz